Spell the Marvel Character #390 - Statistics

General Stats
  • This quiz has been taken 9 times
  • The average score is 5 of 6
Answer Stats
Picture Answer % Correct
Nightcrawler
100%
Arana
78%
Lockheed
78%
Anole
67%
El Aguila
67%
Omega
67%
No matching quizzes found
Score Distribution
Percent of People with Each Score
Percentile by Number Answered
Your Score History
You have not taken this quiz